Xã hội học thế kỷ XX : Lịch sử và Công nghệ

Gorde:
Xehetasun bibliografikoak
Egile nagusia: Capitonov, E. A
Formatua: Liburua
Argitaratua: Đại học Quốc gia Hà Nội 2000
Etiketak: Etiketa erantsi
Etiketarik gabe, Izan zaitez lehena erregistro honi etiketa jartzen!
Thư viện lưu trữ: Mạng thư viện Đại học Đà Nẵng
LEADER 00624nam a2200229 a 4500
001 000028973
003 10697
005 20171030145630.0
008 171030s2000
020 |c 37000 
040 |a LTT 
082 0 |a 301.09  |b CA-E 
100 1 |a Capitonov, E. A 
245 0 0 |a Xã hội học thế kỷ XX : Lịch sử và Công nghệ  |c E. A. Capitonov ; Nguyễn Quý Thanh dịch. 
260 |b Đại học Quốc gia Hà Nội  |c 2000 
OWN |a LTT 
999 |a From the UDN01 
TYP |a Monograph 
TYP |a Printed language 
980 |a Mạng thư viện Đại học Đà Nẵng